header

Emergencies in paediatrics and neonatology (Record no. 187088)

MARC details
000 -LEADER
fixed length control field 01407nam a2200361Ia 4500
082 04 - DEWEY DECIMAL CLASSIFICATION NUMBER
Classification number 618.92/0025
245 00 - TITLE STATEMENT
Title Emergencies in paediatrics and neonatology
260 ## - PUBLICATION, DISTRIBUTION, ETC. (IMPRINT)
Place of publication Oxford ;
-- New York :
Name of publisher Oxford University Press,
Year of publication 2007.
300 ## - PHYSICAL DESCRIPTION
Number of Pages xxviii, 537 p. :
Other physical details ill.
490 1# - SERIES STATEMENT
Series statement Emergencies
650 #0 - SUBJECT ADDED ENTRY--TOPICAL TERM
Topical Term Pediatric emergencies
Topical Term Neonatology
700 1# - ADDED ENTRY--PERSONAL NAME
Personal name Crisp, Stuart.
Personal name Rainbow, Jo.
856 40 - ELECTRONIC LOCATION AND ACCESS
Uniform Resource Identifier http://site.ebrary.com/lib/rucke/Doc?id=10581594

No items available.

© 2026 Rongo University
Contact us: librarian | system librarian | Rongo university